000
00268nam a2200121 a 4500
008
101025s1966|||| d
100
1
_a
Lebert, Hans
245
1
0
_a
Vlčia koža
044
_a
xo
_c
SK
041
_a
slo
260
_b
Obzor
_a
Bratislava
_c
1966
020
_c
22
999
_c
12148
_d
12148